| 000 | nam a22 4500 | ||
|---|---|---|---|
| 999 |
_c8866 _d8866 |
||
| 008 | 180316b ||||| |||| 00| 0 eng d | ||
| 100 |
_926844 _aMedenilla, Samuel P. |
||
| 245 |
_aDOLE sees employment up by next year/ _cSamuel P. Medenilla |
||
| 260 |
_aPhilippines _bManila Bulletin _cc2017 |
||
| 300 | _apage 4. | ||
| 650 | 0 |
_926845 _aEmployment. |
|
| 942 |
_2ddc _cPER |
||